米小圈脑筋急转弯 / (Record no. 10024)
[ view plain ]
| 000 -LEADER | |
|---|---|
| fixed length control field | 00812nam a22001817a 4500 |
| 001 - CONTROL NUMBER | |
| control field | 10024 |
| 003 - CONTROL NUMBER IDENTIFIER | |
| control field | FISKH |
| 005 - DATE AND TIME OF LATEST TRANSACTION | |
| control field | 20260401112804.0 |
| 008 - FIXED-LENGTH DATA ELEMENTS--GENERAL INFORMATION | |
| fixed length control field | 260330b cb ||||| |||| 00| 0 eng d |
| 020 ## - INTERNATIONAL STANDARD BOOK NUMBER | |
| International Standard Book Number | 9787536574366 |
| 040 ## - CATALOGING SOURCE | |
| Original cataloging agency | FISKH |
| Language of cataloging | chi |
| Transcribing agency | FISKH |
| Modifying agency | FISKH |
| 100 ## - MAIN ENTRY--PERSONAL NAME | |
| Personal name | 北猫 |
| 245 ## - TITLE STATEMENT | |
| Title | 米小圈脑筋急转弯 / |
| Statement of responsibility, etc. | 北猫 |
| 300 ## - PHYSICAL DESCRIPTION | |
| Extent | 134 pages : |
| Other physical details | color illustrations ; |
| Dimensions | 17 cm . |
| 520 ## - SUMMARY, ETC. | |
| Summary, etc. | 《米小圈脑筋急转弯‑脑力挑战赛》是一本面向儿童的益智脑筋急转弯书籍,以调皮可爱的主角米小圈为主线。全书设置了三关挑战,通过一个故事串联每关谜题。章节设计既幽默又富有趣味性,能够吸引孩子开动脑筋、培养逻辑思维和创造力,同时在阅读中获得愉快体验。 |
| 942 ## - ADDED ENTRY ELEMENTS (KOHA) | |
| Source of classification or shelving scheme | Dewey Decimal Classification |
| Koha item type | Chinese Book |
| Suppress in OPAC | No |
| Withdrawn status | Lost status | Source of classification or shelving scheme | Damaged status | Not for loan | Collection | Home library | Current library | Shelving location | Date acquired | Total Checkouts | Full call number | Barcode | Date last seen | Price effective from | Koha item type |
|---|---|---|---|---|---|---|---|---|---|---|---|---|---|---|---|
| Dewey Decimal Classification | Reference | Footprints International School Library Network Toul Tom Poung Campus | Footprints International School Library Network Toul Tom Poung Campus | Librarian's Shelf TTP | 03/30/2026 | 北猫 | 2026-0406 | 03/30/2026 | 03/30/2026 | Books |
